• 首页
  • 本馆介绍
  • 公告通知
  • 最新文献
  • 馆藏检索
  • 电子资源
  • 读者导购
  • 参考咨询
  • 我的图书馆
  • 登录
  • 详细信息显示
  • 放入我的书架
  • 预约/预借图书
  • 作者相关作品
  • 分类相关作品
  • 丛书相关作品
  • 出版社相关作品

书目信息

  • 表格格式
  • 工作单格式
  • 卡片格式
题名:
农村基建测量
    
 
作者: ;北京建筑工程学院测量教研组 编
分册:  
出版信息: 北京   中国建筑工业出版社  1983
页数: 198页
开本: 19cm
丛书名: 农村建筑丛书
单 册:
中图分类: S29
科图分类:
主题词: 农业工程-工程--测量
电子资源:
ISBN:
000 00762nam2 2200265 45
001 0183000925
005 20060820161845.75
010    @dCNY0.52
091    @a15040.4484
100    @a19950530d1983 emky0chiy0121 ea
101 0  @achi
102    @aCN@b110000
105    @ay z 000yy
200 10 @a农村基建测量@Anong cun ji jian ce liang@f北京建筑工程学院测量教研组编
205    @a2版
210    @a北京@c中国建筑工业出版社@d1983
215    @a198页@d19cm
225 2  @a农村建筑丛书
410  0 @120010@a农村建筑丛书
606    @a农业工程-工程@x测量
690    @aS29@v3
711 02 @a北京建筑工程学院测量教研组@Abei jing jian zhu gong cheng xue yuan ce liang jiao yan zu@4编
801  2 @aCN@bNLC@c20060820
801  0 @aCN@bTSSF
905    @a10447@dS29@e38
    
    农村基建测量/北京建筑工程学院测量教研组编.-2版.-北京:中国建筑工业出版社,1983
    198页;19cm.-(农村建筑丛书)
    
    
    ISBN :CNY0.52
    
●
相关链接 在E读中查询图书 在五车中查询图书 在当当中查询图书 在豆瓣中查询图书


正题名:农村基建测量     索取号:S29/38         预约/预借

序号 登录号 条形码 馆藏地/架位号 状态 备注
1 0470470   204704702   密集书库/ [索取号:S29/38] 在馆    
唐山师范学院图书馆 欢迎您!
大连网信软件有限公司© 版权所有